| 000 | 00417nam a2200157Ia 4500 | ||
|---|---|---|---|
| 008 | 230312s9999||||xx |||||||||||||| ||und|| | ||
| 020 | _a0-415-57110-4 | ||
| 082 |
_a727.3 _bCOU-U |
||
| 100 | _aCoulson;Jonathan | ||
| 245 | 0 | _aUniversity Planning and Architecture | |
| 260 |
_bRoutledge _aIndia _c2011 |
||
| 300 | _a263 | ||
| 546 | _aEng. | ||
| 650 |
_aArchitecture _vUniversity Planning and Architecture |
||
| 942 | _cBK | ||
| 999 |
_c7526 _d7526 |
||